| 000 -LEADER |
| fixed length control field |
02016cam a2200361Ma 4500 |
| 001 - CONTROL NUMBER |
| control field |
.b1286447x |
| 003 - CONTROL NUMBER IDENTIFIER |
| control field |
OCoLC |
| 005 - DATE AND TIME OF LATEST TRANSACTION |
| control field |
20190801151638.0 |
| 008 - FIXED-LENGTH DATA ELEMENTS--GENERAL INFORMATION |
| fixed length control field |
120720s2012 enkac g 001 0 eng |
| 020 ## - INTERNATIONAL STANDARD BOOK NUMBER |
| International Standard Book Number |
9781409376415 (hbk) |
| 020 ## - INTERNATIONAL STANDARD BOOK NUMBER |
| International Standard Book Number |
1409376419 |
| 035 ## - SYSTEM CONTROL NUMBER |
| System control number |
(OCoLC)801357615 |
| Canceled/invalid control number |
(OCoLC)858552585 |
| 040 ## - CATALOGING SOURCE |
| Original cataloging agency |
AU@ |
| Language of cataloging |
eng |
| Transcribing agency |
AU@ |
| Modifying agency |
OCLCO |
| -- |
LAP |
| -- |
AUMCS |
| -- |
OCLCF |
| -- |
AUMCS |
| -- |
YDXCP |
| -- |
OCLCQ |
| -- |
T3M |
| 042 ## - AUTHENTICATION CODE |
| Authentication code |
nbic |
| 082 04 - DEWEY DECIMAL CLASSIFICATION NUMBER |
| Classification number |
330 ECO |
| Edition number |
23 |
| 245 04 - TITLE STATEMENT |
| Title |
The Economics Book / |
| Statement of responsibility, etc. |
contributors: Niall Kishtainy, consultant editor [and 6 others] |
| 264 #1 - PRODUCTION, PUBLICATION, DISTRIBUTION, MANUFACTURE, AND COPYRIGHT NOTICE |
| Place of production, publication, distribution, manufacture |
London : |
| Name of producer, publisher, distributor, manufacturer |
Dorling Kindersley, |
| Date of production, publication, distribution, manufacture, or copyright notice |
2012. |
| 300 ## - PHYSICAL DESCRIPTION |
| Extent |
vi, 352 pages : |
| Other physical details |
illustrations (some color), portraits ; |
| Dimensions |
25 cm. |
| 336 ## - CONTENT TYPE |
| Content type term |
text |
| Content type code |
txt |
| Source |
rdacontent. |
| 337 ## - MEDIA TYPE |
| Media type term |
unmediated |
| Media type code |
n |
| Source |
rdamedia. |
| 338 ## - CARRIER TYPE |
| Carrier type term |
volume |
| Carrier type code |
nc |
| Source |
rdacarrier. |
| 490 1# - SERIES STATEMENT |
| Series statement |
Big Ideas Simply Explained. |
| 500 ## - GENERAL NOTE |
| General note |
Includes index. |
| 505 0# - FORMATTED CONTENTS NOTE |
| Formatted contents note |
Introduction -- Let the Trading Begin -- The Age of Reason -- Industrial and Economic Revolutions -- War and Depressions -- Post-War Economics -- Contemporary Economics -- Directory -- Glossary -- Index -- Acknowledgements. |
| 520 ## - SUMMARY, ETC. |
| Summary, etc. |
All the big ideas, simply explained - an innovative and accessible guide to economics. Bring economics to life with The Economics Book, an essential guide to more that 100 of the big ideas in economic theory and practice covering everything from ancient theories right up to cutting-edge modern developments. From Aristotle to John Maynard Keynes and beyond, all the greatest economists and their theories are featured and the innovative graphics, step-by-step summaries and mind maps help clarify hard-to-grasp concepts. The Economics Book is perfect for economic students and anyone who has an interest in how economies work. |
| 650 #0 - SUBJECT ADDED ENTRY--TOPICAL TERM |
| Topical term or geographic name entry element |
Economics. |
| 650 #0 - SUBJECT ADDED ENTRY--TOPICAL TERM |
| Topical term or geographic name entry element |
Economics |
| General subdivision |
History. |
| 650 #7 - SUBJECT ADDED ENTRY--TOPICAL TERM |
| Topical term or geographic name entry element |
Economics. |
| Source of heading or term |
fast |
| Authority record control number or standard number |
(OCoLC)fst00902116. |
| 655 #7 - INDEX TERM--GENRE/FORM |
| Genre/form data or focus term |
History. |
| Source of term |
fast |
| Authority record control number or standard number |
(OCoLC)fst01411628. |
| 700 1# - ADDED ENTRY--PERSONAL NAME |
| Personal name |
Kishtainy, Niall. |
| Relator term |
Editor |
| 830 #0 - SERIES ADDED ENTRY--UNIFORM TITLE |
| Uniform title |
Big ideas simply explained. |
| 942 ## - ADDED ENTRY ELEMENTS (KOHA) |
| Source of classification or shelving scheme |
|
| Koha item type |
Books - Non Ficton |